21st Century Stanley Cup Champions - Statistics

General Stats
  • This quiz has been taken 92 times
    14 since last reset
  • The average score is 8 of 25
Answer Stats
Year Team % Correct
2025 Florida Panthers
75%
2024 Florida Panthers
75%
2022 Colorado Avalanche
63%
2001 Colorado Avalanche
63%
2015 Chicago Blackhawks
38%
2013 Chicago Blackhawks
38%
2010 Chicago Blackhawks
38%
2014 Los Angeles Kings
38%
2012 Los Angeles Kings
38%
2023 Vegas Golden Knights
38%
2011 Boston Bruins
25%
2008 Detroit Red WIngs
25%
2002 Detroit Red Wings
25%
2017 Pittsburgh Penguins
25%
2016 Pittsburgh Penguins
25%
2009 Pittsburgh Penguins
25%
2019 St. Louis Blues
25%
2021 Tampa Bay Lightning
25%
2020 Tampa Bay Lightning
25%
2004 Tampa Bay Lightning
25%
2018 Washington Capitals
25%
2007 Anaheim Ducks
13%
2003 New Jersey Devils
13%
2000 New Jersey Devils
13%
2006 Carolina Hurricanes
0%
No matching quizzes found
Score Distribution
Percent of People with Each Score
Percentile by Number Answered
Your Score History
You have not taken this quiz since the last reset